[Event "Campo Grande Fabom op 2nd"]
[Site "Campo Grande"]
[Date "2021.05.06"]
[Round "5"]
[White "Vieira de Sousa, Maria Luisa"]
[Black "Amorim, Ana Laura dos Santo"]
[Result "1-0"]
[WhiteElo "1266"]
[BlackElo "1256"]
[PlyCount "97"]
[EventDate "2021.04.08"]
[EventType "swiss"]
[EventRounds "6"]
[EventCountry "BRA"]
[SourceTitle "EXT 2022"]
[Source "ChessBase"]
[SourceDate "2021.10.06"]
[SourceVersion "1"]
[SourceVersionDate "2021.10.06"]
[SourceQuality "1"]

1. e4 c5 2. Nf3 d6 3. Bc4 h6 4. 0-0 Nf6 5. Nc3 e6 6. d3 Nc6 7. Be3 Be7 8. Ne2 d5 9. exd5 exd5 10. Bb5 Bd7 11. c3 0-0 12. h3 a6 13. Bxc6 Bxc6 14. Ne5 Qc7 15. d4 Bb5 16. a4 Bxe2 17. Qxe2 Bd6 18. Bf4 Bxe5 19. Qxe5 Qxe5 20. Bxe5 Ne4 21. Rfe1 cxd4 22. Bxd4 b5 23. axb5 axb5 24. Rxa8 Rxa8 25. f3 Nd2 26. Re7 Nb3 27. Rb7 Nxd4 28. cxd4 Ra1+ 29. Kf2 Rd1 30. Ke3 Rg1 31. g4 Re1+ 32. Kd2 Re6 33. Rxb5 Rd6 34. Rb8+ Kh7 35. Ke3 g5 36. f4 Re6+ 37. Kf3 gxf4 38. Kxf4 Re2 39. Kf5 Kg7 40. g5 hxg5 41. Kxg5 f6+ 42. Kf5 Re4 43. Rb7+ Kh6 44. Kxf6 Rxd4 45. Ke5 Rd3 46. b4 d4 47. Rd7 Rxh3 48. Rxd4 Rb3 49. Kd5 1-0

[Event "Campo Grande Fabom op 2nd"]
[Site "Campo Grande"]
[Date "2021.04.29"]
[Round "4"]
[White "Garcia, Claudio de Oliveira"]
[Black "Vieira de Sousa, Maria Luisa"]
[Result "1-0"]
[WhiteElo "1499"]
[BlackElo "1266"]
[PlyCount "61"]
[EventDate "2021.04.08"]
[EventType "swiss"]
[EventRounds "6"]
[EventCountry "BRA"]
[SourceTitle "EXT 2022"]
[Source "ChessBase"]
[SourceDate "2021.10.06"]
[SourceVersion "1"]
[SourceVersionDate "2021.10.06"]
[SourceQuality "1"]

1. e4 c5 2. Nc3 g6 3. g3 Bg7 4. d3 Nc6 5. Bg2 Nf6 6. Nge2 0-0 7. 0-0 d6 8. h3 e5 9. Bg5 Be6 10. Qd2 Nd4 11. f4 h6 12. Bh4 Nxe2+ 13. Nxe2 Qd7 14. g4 Bxg4 15. hxg4 Qxg4 16. Bg3 Nh5 17. Bf3 Qh3 18. Bxh5 gxh5 19. Kf2 h4 20. fxe5 hxg3+ 21. Nxg3 Qh2+ 22. Ke1 Qxg3+ 23. Qf2 Bxe5 24. Rg1 Qxg1+ 25. Qxg1+ Kh7 26. Qf2 Bxb2 27. Qf5+ Kh8 28. Rb1 Bc3+ 29. Ke2 b6 30. Rh1 Bg7 31. Qd7 1-0

[Event "Campo Grande Fabom op 2nd"]
[Site "Campo Grande"]
[Date "2021.04.08"]
[Round "1"]
[White "Oliveira, Fernando Ventura"]
[Black "Vieira de Sousa, Maria Luisa"]
[Result "1-0"]
[WhiteElo "2183"]
[BlackElo "1266"]
[PlyCount "53"]
[EventDate "2021.04.08"]
[EventType "swiss"]
[EventRounds "6"]
[EventCountry "BRA"]
[SourceTitle "EXT 2022"]
[Source "ChessBase"]
[SourceDate "2021.10.06"]
[SourceVersion "1"]
[SourceVersionDate "2021.10.06"]
[SourceQuality "1"]

1. f4 Nf6 2. Nf3 e6 3. e3 d5 4. d4 Nc6 5. c3 a6 6. Bd3 Bd6 7. 0-0 0-0 8. Bd2 b5 9. Be1 Ne7 10. Bh4 Ne4 11. Nbd2 f5 12. Ne5 Qe8 13. Bxe7 Bxe7 14. Bxe4 fxe4 15. a4 b4 16. c4 c5 17. Nb3 a5 18. dxc5 Ba6 19. Qg4 Rf6 20. Rfc1 dxc4 21. Nxc4 Bxc4 22. Rxc4 Rd8 23. Nd4 Rg6 24. Qe2 Rc8 25. Qc2 Bxc5 26. Rxc5 Rxc5 27. Qxc5 1-0